| 000 | 01275nam a2200325Ia 4500 | ||
|---|---|---|---|
| 001 | ebr10447298 | ||
| 003 | CaPaEBR | ||
| 006 | m u | ||
| 007 | cr cn||||||||| | ||
| 008 | 030211s2003 miua sb 001 0 eng d | ||
| 010 | _z 2003002120 | ||
| 020 | _z0472113399 (Cloth : alk. paper) | ||
| 040 |
_aCaPaEBR _cCaPaEBR |
||
| 035 | _a(OCoLC)705944521 | ||
| 050 | 1 | 4 |
_aHV3024.G8 _bR67 2003eb |
| 082 | 0 | 4 |
_a362.4/0938 _221 |
| 100 | 1 |
_aRose, Martha L., _d1957- |
|
| 245 | 1 | 4 |
_aThe staff of Oedipus _h[electronic resource] : _btransforming disability in ancient Greece / _cMartha L. Rose. |
| 260 |
_aAnn Arbor : _bUniversity of Michigan Press, _cc2003. |
||
| 300 |
_aix, 154 p. : _bill. |
||
| 490 | 1 | _aCorporealities | |
| 504 | _aIncludes bibliographical references (p. 131-148) and index. | ||
| 533 |
_aElectronic reproduction. _bPalo Alto, Calif. : _cebrary, _d2013. _nAvailable via World Wide Web. _nAccess may be limited to ebrary affiliated libraries. |
||
| 650 | 0 |
_aPeople with disabilities _zGreece. |
|
| 651 | 0 | _aGreece. | |
| 655 | 7 |
_aElectronic books. _2local |
|
| 710 | 2 | _aebrary, Inc. | |
| 830 | 0 | _aCorporealities. | |
| 856 | 4 | 0 |
_uhttp://site.ebrary.com/lib/rucke/Doc?id=10447298 _zAn electronic book accessible through the World Wide Web; click to view |
| 999 |
_c136801 _d136801 |
||